| Tag |
First Indicator |
Second Indicator |
Subfields |
| LEADER |
00000cam a2200000 a 4500 |
| 001 |
in00000091397 |
| 005 |
20151008063928.0 |
| 008 |
811023s1980 onca b f10110 eng d |
| 020 |
|
|
|a 0660505886
|
| 035 |
|
|
|a (OCoLC)07871500
|
| 035 |
|
|
|9 AAK3202AM
|
| 040 |
|
|
|a WAU
|c WAU
|d TXA
|d UtOrBLW
|
| 041 |
0 |
|
|a eng
|a fre
|
| 049 |
|
|
|a TXAM
|c [1655085]
|
| 090 |
|
|
|a TA350
|b .S86 1980
|
| 111 |
2 |
|
|a Symposium on Engineering Applications of Mechanics
|n (5th :
|d 1980 :
|c University of Ottawa)
|
| 245 |
1 |
0 |
|a Proceedings of the fifth Symposium on Engineering Applications of Mechanics =
|b Comptes rendus du cinquieme Symposium sur les applications techniques de la mechanique /
|c [editor, Andrzej M. Garlicki].
|
| 246 |
3 |
1 |
|a Comptes rendus du cinquieme Symposium sur les applications techniques de la mechanique
|
| 264 |
|
1 |
|a Ottawa, Ont. :
|b National Research Council of Canada,
|c 1980.
|
| 300 |
|
|
|a xv, 361 pages :
|b illustrations ;
|c 28 cm.
|
| 336 |
|
|
|a text
|b txt
|2 rdacontent
|
| 337 |
|
|
|a unmediated
|b n
|2 rdamedia
|
| 338 |
|
|
|a volume
|b nc
|2 rdacarrier
|
| 500 |
|
|
|a "Sponsored by: Division of Mechanical Engineering, National Research Council of Canada [and others]"
|
| 500 |
|
|
|a English and French.
|
| 504 |
|
|
|a Includes bibliograhies and index.
|
| 650 |
|
0 |
|a Mechanics, Applied
|v Congresses.
|
| 650 |
|
0 |
|a Mechanical engineering
|v Congresses.
|
| 700 |
1 |
|
|a Garlicki, A. M.
|
| 740 |
0 |
|
|a Engineering applications of mechanics.
|
| 740 |
0 |
|
|a Applications techniques de la mechanique.
|
| 999 |
|
|
|a MARS
|
| 999 |
f |
f |
|s ba45d8f3-ba98-3e0f-ac2e-048772de7e19
|i 2e542805-f31d-3fc7-b1b4-a59842ca8c20
|t 0
|
| 952 |
f |
f |
|p ric
|a Texas A&M University
|b Rellis Campus
|c Joint Library Facility
|d Remote Storage
|t 0
|e TA350 .S86 1980
|h Library of Congress classification
|i unmediated -- volume
|m A14806241562
|
| 998 |
f |
f |
|a TA350 .S86 1980
|t 0
|l Remote Storage
|